000 00650nam a2200181Ia 4500
008 090124s9999 xx 000 0 und d
082 _b29997
_a2869
100 _aढसाळ नामदेव
245 _a तुही इयत्ता कंची ? तुही इयत्ता
250 _a2
260 _c1999
300 _a120
600 _aढसाळ नामदेव
630 _a तुही इयत्ता कंची ? तुही इयत्ता
700 _aढसाळ नामदेव
730 _a तुही इयत्ता कंची ? तुही इयत्ता
942 _cBOOK
999 _c143480
_d143480